000 00886nam a22002777a 4500
001 0027240
003 KOHA_MİRAKIL
005 20260207002551.0
007 ta
008 110202b1976 us |||gr||||#0|||1|eng |
040 _aTR-BiSEU
_btur
_cTR-BiSEU
_erda
041 0 _aeng
044 _cus
050 _aPE1408
_b.H66 1976
100 1 _aHook, J. N.(Julius Nicholas).
245 1 _aEnglish today :
_ba practical handbook/
_cJ. N.(Julius Nicholas) Hook ; J. N. 1913- (Julius Nicholas) Hook.
264 1 _aNew York :
_bRonald Press
_c1976
300 _ax, 371 s. ;
_c22 cm.
336 _ametin
_btxt
_2rdacontent
337 _aaracısız
_bn
_2rdamedia
338 _acilt
_bnc
_2rdacarrier
650 0 _aEnglish language--Rhetoric--Handbooks, manuals, etc.
_953975
650 0 _aEnglish language--Grammar--Handbooks, manuals, etc.
_953976
907 _aDil
942 _2lcc
_cBK
999 _c27174
_d27174